000 01333nam a22002417a 4500
003 DO-SdBNP
005 20211122100828.0
007 ta
008 210706b 2018 dr 00| 0 eng d
020 _a9789945609820
040 _aDO-SdBNP
_bspa
_cBNPHU
082 4 _bI43y
100 1 _aInfante, Martha,
_d1968-
_979110
245 1 0 _aYo soy del Ocho, ¿y qué? /
_cMartha María Infante Payano.
260 _aSanto Domingo :
_bSantuario,
_c2018.
300 _a133 p. :
_c23 cm.
500 _aIncluye datos biográficos de la autora en la solapa de la cubierta.
505 0 _aYo soy del ocho, ¿ Y qué?
_tMaribel en la maternidad --
_tCristiano de papel --
_tEl lápiz --
_tEl plantón triple --
_tLa bruja blasina --
_tEl antojo --
_tMediocridad --
_tLéxico refinado --
_tEl boche --
_tSueño simultáneo --
_tEl regalo --
_tTabaré --
_tEl diablito.
505 0 _aEl hombre que no conocía el amor --
_tReina de las citas a ciegas --
_tEl campamento--
_tMi corazón también sabe alemán --
_tNeckley --
_tDoña Carmen y su marido --
_tAcoso --
_tEl cuaderno Petete --
_tYo soy el Ocho --
_tEl calentamiento global --
_tLa multa --
_tLas lunas de mi madre --
_tElla me salvó --
_tLa amonestación --
_tLas criadas --
_tLa vendedora de cosméticos --
_tSon más de 500.
590 _aInventariado, 2021 /LP
910 _aMfeliz
942 _2ddc
_cLBS1
999 _c50057
_d50057